| 000 | 00752cam a2200241 4500 | ||
|---|---|---|---|
| 001 | 2675556 | ||
| 003 | NUST | ||
| 005 | 20220511163120.0 | ||
| 008 | 700716s1968 enkac 000 1 eng | ||
| 010 | _a 73480337 | ||
| 038 | _aArshad | ||
| 040 |
_aDLC _cDLC _dDLC |
||
| 050 | 0 | 0 |
_aPZ3.L4345 _bPl7 _aPR6023.A93 |
| 082 | 0 | 0 |
_a823.912 _bLAW |
| 100 | 1 |
_aLawrence, D. H. _q(David Herbert), _d1885-1930. _927942 |
|
| 245 | 1 | 4 |
_aThe plumed serpent. _cWith an introd. by Richard Aldington. Original illus. by Lola Fielding. |
| 260 |
_aLondon: _bDistributed by Heron Books _c1968 |
||
| 300 |
_aix, 443 p. _billus., port. _c21 cm. |
||
| 490 | 0 | _aHis Complete works | |
| 563 | _aPBK | ||
| 906 |
_a7 _bcbc _corignew _d4 _encip _f19 _gy-gencatlg |
||
| 942 |
_2ddc _cBK |
||
| 999 |
_c589638 _d589638 |
||